Doctor Schweitzer / (Record no. 89358)

MARC details
000 -LEADER
campo de control de longitud fija 00566nam a2200193 i 4500
001 - NÚMERO DE CONTROL
campo de control 89358
003 - IDENTIFICADOR DE NÚMERO DE CONTROL
campo de control ES-MaACL
005 - FECHA Y HORA DE LA ÚLTIMA TRANSACCIÓN
campo de control 20230906180144.0
007 - CAMPO FIJO DE DESCRIPCIÓN FÍSICA--INFORMACIÓN GENERAL
campo de control de longitud fija t|
008 - DATOS DE LONGITUD FIJA--INFORMACIÓN GENERAL
campo de control de longitud fija 050110s1966 sp ||||1| spa d
100 1# - ENTRADA PRINCIPAL--NOMBRE DE PERSONA
Nombre de persona Langley, Nina.
9 (RLIN) 70062
245 10 - MENCIÓN DEL TÍTULO
Título Doctor Schweitzer /
Mención de responsabilidad, etc. Nina Langley ; traducción de R. Orta Manzano.
250 ## - MENCION DE EDICION
Mención de edición [1ª ed.].
260 ## - PUBLICACIÓN, DISTRIBUCIÓN, ETC.
Lugar de publicación, distribución, etc. Barcelona :
Nombre del editor, distribuidor, etc. Juventud,
Fecha de publicación, distribución, etc. [1966]
300 ## - DESCRIPCIÓN FÍSICA
Extensión 188 p., 4 lám. ;
Dimensiones 18 cm.
600 04 - PUNTO DE ACCESO ADICIONAL DE MATERIA--NOMBRE DE PERSONA
Nombre de persona Schweitzer, Albert.
9 (RLIN) 104897
700 1# - ENTRADA AGREGADA--NOMBRE PERSONAL
Nombre de persona Orta Manzano, Rafael.
9 (RLIN) 87385
852 ## - LOCALIZACIÓN
Ubicación ES-MaACL
Número de control de estantería G-15773
Sublocalización o colección R.59961
Holdings
Estatus retirado Estado de pérdida Estado de daño No para préstamo Biblioteca de origen Biblioteca actual Ubicación en estantería Fecha de adquisición Fuente de adquisición Total de préstamos Signatura topográfica completa Código de barras Visto por última vez Precio de reemplazo Tipo de ítem Koha
        Biblioteca del Ateneo de Madrid Biblioteca del Ateneo de Madrid Sala Pecera Planta 3 17/01/2008     G-15773 1093326 23/02/2023 23/02/2023 Libro impreso